000 00926cam a2200205 4500
001 WB3830-23
008 020814n2002 000 0 eng u
035 _a(Sirsi) u119330
245 _aNitrate vulnerable zones
260 _c2002
490 _aDEFRA News Release
_v(330/02) 13 August 2002, (1)
520 _aA web based service is launched by DEFRA which gives farmers access to detailed maps of the Nitrate Vulnerable Zones. DEFRA will from September send out a comprehensive information pack to farmers likely to farm land in the NVZ's. For the service: http://www2.defra.gov.uk/environment/water/quality/nitrate/ For the DEFRA Helpline t 08459 335577 For the news release: http://www.defra.gov.uk/news/2002/020813a.htm
590 _aWB
650 _aNITRATE VULNERABLE ZONES
650 _aNVZ
650 _aFARM WASTE GRANT SCHEME
650 _aDEFRA
690 _aRURAL-AGRICULTURE AND FORESTRY
942 _n0
999 _c70950
_d70950